[Event "XXVII. Abierto de Sevilla"]
[Site "?"]
[Date "2002.01.11"]
[Round "1"]
[White "Rustemov, A."]
[Black "De Bordons Alba, C."]
[Result "1-0"]
[WhiteElo "2607"]
[BlackElo "1935"]
[PlyCount "51"]
[EventDate "1996.??.??"]

1. c4 Nf6 2. Nc3 c5 3. Nf3 Nc6 4. d4 cxd4 5. Nxd4 e6 6. Ndb5 d6 7. Bf4 e5 8.
Bg5 a6 9. Bxf6 gxf6 10. Na3 Be7 11. g3 Be6 12. Bg2 Qd7 13. Nd5 Bd8 14. O-O Bh3
15. Nc2 Bxg2 16. Kxg2 f5 17. f4 h5 18. Nce3 e4 19. Qb3 h4 20. Qc3 20... Rg8 { }
21. Qf6 hxg3 22. hxg3 Qe6 (22... Bxf6 23. Nxf6+ Kd8 24. Nxd7 Kxd7 25. Nd5) 23.
Qxf5 Nd4 24. Qh5 24... Kd7 $6 (24... Rc8) 25. Rad1 $18 25... Bf6 26. Nb6+ 1-0

[Event "XXVII. Abierto de Sevilla"]
[Site "?"]
[Date "2002.01.11"]
[Round "1"]
[White "Hidalgo Paniagua, F."]
[Black "Epishin, V."]
[Result "0-1"]
[WhiteElo "1934"]
[BlackElo "2599"]
[PlyCount "36"]
[EventDate "1996.??.??"]

1. e4 c5 2. Nf3 e6 3. d4 cxd4 4. Nxd4 a6 5. Bd3 Bc5 6. Nf3 d6 7. O-O Nf6 8. Nc3
Nbd7 9. Qe2 Qc7 10. Bg5 b5 11. Bxf6 Nxf6 12. e5 dxe5 13. Nxe5 (13. Qxe5) 13...
O-O 14. Ng4 (14. Rad1) 14... Nxg4 15. Qxg4 15... f5 $15 16. Qg5 $6 16... Bb7
17. Rfe1 17... Rf6 { } 18. Qh5 $2 (18. Bf1) 18... Rh6 0-1

[Event "XXVII. Abierto de Sevilla"]
[Site "?"]
[Date "2002.01.11"]
[Round "1"]
[White "Korneev, O."]
[Black "Reina Luque, R."]
[Result "1-0"]
[WhiteElo "2566"]
[BlackElo "1933"]
[PlyCount "45"]
[EventDate "1996.??.??"]

1. e4 g6 2. d4 Bg7 3. Nc3 d6 4. f4 Nf6 5. Nf3 c5 6. Bb5+ Bd7 7. Bxd7+ Nfxd7 8.
d5 O-O 9. O-O Na6 10. Kh1 Nc7 11. f5 b5 12. Qe1 b4 13. Ne2 Ne5 (13... gxf5 $5
14. exf5 Nxd5) 14. Qh4 Nxf3 15. Rxf3 15... Bf6 $6 16. Bg5 Bxg5 17. Qxg5 Ne8 (
17... f6) 18. Ng3 Nf6 19. Raf1 { } 19... Kg7 $2 (19... Qd7 $16) 20. fxg6 $18
20... hxg6 $2 (20... fxg6 21. e5 $1 21... dxe5 22. d6 $1 22... exd6 23. Rxf6 $1
23... Rxf6 24. Rxf6 $18) 21. Nf5+ Kg8 22. Rg3 (22. Rh3 Nh5 23. Rxh5 e6 24. Qh6)
22... Nxe4 23. Qh6 1-0

[Event "XXVII. Abierto de Sevilla"]
[Site "?"]
[Date "2002.01.11"]
[Round "1"]
[White "Spraggett, K."]
[Black "Gonzalez Amaya, M."]
[Result "1-0"]
[WhiteElo "2541"]
[BlackElo "1928"]
[PlyCount "45"]
[EventDate "1996.??.??"]

1. e4 g6 2. d4 Bg7 3. Nc3 d6 4. Be3 Nf6 5. Nf3 O-O 6. Qd2 Nbd7 7. Bh6 e5 8.
O-O-O Bxh6 9. Qxh6 Ng4 10. Qd2 exd4 11. Nxd4 Qf6 12. f4 a6 13. h3 Qh4 14. g3
Qh6 15. Bg2 Ngf6 16. g4 Qg7 17. g5 Ne8 18. h4 Nb6 19. h5 { } 19... gxh5 $2 (
19... c5 20. Nf3 20... Bg4 $16) 20. Bh3 $18 20... c5 21. Nf5 Bxf5 22. Bxf5 Qd4
23. Qe2 1-0

[Event "XXVII. Abierto de Sevilla"]
[Site "?"]
[Date "2002.01.11"]
[Round "1"]
[White "Lalic, B."]
[Black "Fernandez Calzada, J."]
[Result "1-0"]
[WhiteElo "2523"]
[BlackElo "1922"]
[PlyCount "61"]
[EventDate "1996.??.??"]

1. Nf3 Nf6 2. c4 c5 3. Nc3 d6 4. d4 cxd4 5. Nxd4 a6 6. e4 e6 7. Be2 Nbd7 8. O-O
Qc7 9. Be3 Be7 10. Rc1 O-O 11. f3 b6 12. b4 Bb7 13. Nb3 Rac8 14. Kh1 Rfd8 15.
a3 Ne5 16. Na4 Nfd7 17. Qe1 Re8 18. Qf2 Bd8 19. Rfd1 19... a5 $6 (19... Bc6)
20. Nd4 20... Ba6 { } 21. c5 (21. Nb5 Bxb5 22. cxb5 Qb7 23. Rxc8 Qxc8 24. bxa5
bxa5 25. Rxd6) 21... Bxe2 22. Qxe2 dxc5 23. Nb5 Qb8 24. Nd6 Bc7 25. Nxe8 Rxe8
26. f4 Nf6 27. fxe5 Bxe5 28. Bg5 Bxh2 29. Bxf6 gxf6 30. Nxb6 Qxb6 31. Kxh2 1-0

[Event "XXVII. Abierto de Sevilla"]
[Site "?"]
[Date "2002.01.11"]
[Round "1"]
[White "Salido Monge , J."]
[Black "Hamdouchi, H."]
[Result "0-1"]
[WhiteElo "1918"]
[BlackElo "2522"]
[PlyCount "36"]
[EventDate "1996.??.??"]

1. c4 c6 2. Nc3 d5 3. cxd5 cxd5 4. d4 e5 5. dxe5 d4 6. Ne4 Nc6 7. Nf3 Bf5 8.
Nd6+ Bxd6 9. exd6 Qxd6 10. Qb3 Nf6 11. g3 Nb4 12. Bf4 Qe7 13. Qa4+ Bd7 14. Qb3
14... d3 $15 15. Nd4 O-O 16. Bd2 dxe2 17. Bxe2 17... Nc6 { } 18. Be3 (18. Nxc6
Bxc6 19. Bb4 Qe5 20. Bc3 Qf5 21. Rg1 21... Rfe8 $17) 18... Nxd4 (18... Nxd4 19.
Bxd4 Qe4) 0-1

[Event "XXVII. Abierto de Sevilla"]
[Site "?"]
[Date "2002.01.11"]
[Round "1"]
[White "Cifuentes Parada, R."]
[Black "Ventura Calderon, J."]
[Result "1-0"]
[WhiteElo "2521"]
[BlackElo "1918"]
[PlyCount "51"]
[EventDate "1996.??.??"]

1. d4 Nc6 2. Nf3 d6 3. c4 e5 4. d5 Nce7 5. e4 Bg4 6. h3 Bxf3 7. Qxf3 c5 8. Nc3
g6 9. h4 Bg7 10. h5 gxh5 11. Rxh5 Ng6 12. g3 Nf6 13. Rh2 Nf8 14. Bg5 h6 15. Bd2
N8d7 16. Bh3 Qe7 17. O-O-O O-O-O 18. Rdh1 Kb8 19. Kc2 a6 20. Bxd7 Nxd7 21. Bxh6
Rxh6 22. Rxh6 Bxh6 23. Rxh6 Rf8 24. Qf5 Kc7 25. b3 Kb8 26. Nd1 { } 1-0

[Event "XXVII. Abierto de Sevilla"]
[Site "?"]
[Date "2002.01.11"]
[Round "1"]
[White "Dominguez Rodriguez, R."]
[Black "Komljenovic, D."]
[Result "0-1"]
[WhiteElo "1913"]
[BlackElo "2505"]
[PlyCount "76"]
[EventDate "1996.??.??"]

1. d4 d5 2. e4 dxe4 3. Nc3 Nf6 4. f3 exf3 5. Nxf3 5... Bg4 { } 6. h3 Bxf3 7.
gxf3 g6 8. Be3 Bg7 9. Qd2 O-O 10. O-O-O Nd5 11. Bc4 Nxe3 12. Qxe3 Nc6 13. d5
Ne5 14. Bb3 Qd6 15. f4 Nd7 16. Ne4 Qb6 17. Rhe1 Rfe8 18. Rd3 a6 19. c3 Qxe3+
20. Rdxe3 Rad8 21. Ng5 Bf6 22. Kc2 Nc5 23. Ne4 Nxe4 24. Rxe4 Rd6 25. a4 c6 26.
dxc6 Rxc6 27. Bd5 Rc7 28. Rb4 Rb8 29. Rb6 e6 30. Bf3 Bd8 31. Rd6 Be7 32. Rd3 b5
33. Red1 bxa4 34. Rd7 Rxd7 35. Rxd7 Bf8 36. Rd4 a3 37. bxa3 Bxa3 38. Ra4 Bd6
0-1

[Event "XXVII. Abierto de Sevilla"]
[Site "?"]
[Date "2002.01.11"]
[Round "1"]
[White "Paragua, M."]
[Black "Bengoa Diaz , J."]
[Result "1-0"]
[WhiteElo "2469"]
[BlackElo "1911"]
[PlyCount "51"]
[EventDate "1996.??.??"]

1. e4 e5 2. Nf3 Nf6 3. Nxe5 d6 4. Nf3 Nxe4 5. c4 Be7 6. Nc3 Nf6 7. d4 O-O 8.
Be2 Bg4 9. O-O Nbd7 10. Be3 Nb6 11. b3 d5 12. c5 Nbd7 13. b4 c6 14. Qc2 g6 15.
Rab1 Re8 16. b5 Bf8 17. bxc6 bxc6 18. Rb7 Bf5 19. Qa4 Ne4 20. Nxe4 dxe4 21. Nd2
Nb8 22. Bc4 Bd7 23. Qb3 Qf6 24. f3 Be6 25. fxe4 Bxc4 26. Nxc4 { } 1-0

[Event "XXVII. Abierto de Sevilla"]
[Site "?"]
[Date "2002.01.11"]
[Round "1"]
[White "Ramirez Pineda, A."]
[Black "Pogorelov, R."]
[Result "0-1"]
[WhiteElo "1909"]
[BlackElo "2560"]
[PlyCount "83"]
[EventDate "1996.??.??"]

1. e4 c5 2. Nf3 Nc6 3. d4 cxd4 4. Nxd4 Qc7 5. Nc3 e6 6. Be2 a6 7. O-O Nf6 8. a4
Bb4 9. Bf3 Ne5 10. Bd2 Qd6 11. Nce2 Bxd2 12. Qxd2 Nxf3+ 13. gxf3 e5 14. Nb3
Qxd2 15. Nxd2 d5 16. exd5 Nxd5 17. c3 f6 18. Rfe1 Kf7 19. Ne4 Rd8 20. Red1 Be6
21. a5 Rac8 22. b4 Ke7 23. Nc5 Nc7 24. Nxe6 Nxe6 25. Rac1 h5 26. Rxd8 Rxd8 27.
Kf1 Rd3 28. Ng1 28... Nf4 { } 29. Ne2 Rxf3 30. Nxf4 Rxf4 31. Rd1 Rf3 32. Rc1 g5
33. Kg2 Rd3 34. h3 Kd6 35. Rb1 Rxc3 36. b5 axb5 37. Rxb5 Kc7 38. Rb6 Rc6 39.
Rb3 b6 40. axb6+ Rxb6 41. Rd3 Rd6 42. Ra3 0-1

[Event "XXVII. Abierto de Sevilla"]
[Site "?"]
[Date "2002.01.11"]
[Round "1"]
[White "Matamoros Franco, C."]
[Black "Dominguez Corrales, J.F."]
[Result "1-0"]
[WhiteElo "2456"]
[BlackElo "1905"]
[PlyCount "79"]
[EventDate "1996.??.??"]

1. d4 d5 2. c4 c6 3. Nc3 Nf6 4. Nf3 e6 5. Bg5 Be7 6. e3 h6 7. Bh4 Nbd7 8. Bd3
dxc4 9. Bxc4 Nd5 10. Bg3 N7f6 11. O-O b5 12. Bd3 O-O 13. Nxd5 exd5 14. Rc1 Bb7
15. Ne5 Qe8 16. Qc2 Bd6 17. Bf5 Bxe5 18. Bxe5 Qd8 19. f3 Nd7 20. Bf4 Nb6 21. b3
a5 22. Qd2 a4 23. Bb1 Nd7 24. Qd3 Nf6 25. e4 axb3 26. axb3 dxe4 27. fxe4 c5 28.
d5 { } 28... c4 (28... Re8) 29. bxc4 bxc4 30. Qd4 $16 30... Ra6 31. Rxc4 $18
31... Re8 32. Rb4 Ba8 33. Bd3 Ra5 34. Rb8 Qd7 35. Rxe8+ Nxe8 36. Qb6 Ra2 37.
Qb8 Qa7+ 38. Qxa7 Rxa7 39. Rb1 Kh7 40. Rb8 1-0

[Event "XXVII. Abierto de Sevilla"]
[Site "?"]
[Date "2002.01.11"]
[Round "1"]
[White "Tenorio Campa, J."]
[Black "Mellado Trivino, J."]
[Result "0-1"]
[WhiteElo "1901"]
[BlackElo "2447"]
[PlyCount "56"]
[EventDate "1996.??.??"]

1. e4 d5 2. exd5 Qxd5 3. Nc3 Qd6 4. d4 Nf6 5. Be2 a6 6. Nf3 Nc6 7. O-O Bf5 8.
a3 e6 9. Re1 Be7 10. Be3 Rd8 11. h3 O-O 12. Qd2 h6 13. Rad1 Nd5 14. Nxd5 exd5
15. Qc1 Qg6 16. Bd3 Be4 17. Bxe4 dxe4 18. Nh2 f5 19. d5 Ne5 20. c4 Bd6 21. Kh1
21... Nd3 { } 22. Rxd3 exd3 23. Nf3 Rfe8 24. c5 Bf8 25. Qc4 Qf7 26. Rd1 Qxd5
27. Qxd5+ Rxd5 28. b4 g5 0-1

[Event "XXVII. Abierto de Sevilla"]
[Site "?"]
[Date "2002.01.11"]
[Round "1"]
[White "Cabrera , A."]
[Black "Oscar Castano, F."]
[Result "1-0"]
[WhiteElo "2440"]
[BlackElo "1950"]
[PlyCount "39"]
[EventDate "1996.??.??"]

1. e4 e6 2. d4 d5 3. Nc3 Bb4 4. e5 c5 5. a3 Bxc3+ 6. bxc3 Qa5 7. Bd2 c4 8. Qg4
g6 9. h4 Bd7 10. h5 { } 10... Nc6 $6 (10... Ne7) 11. hxg6 fxg6 12. Rxh7 $5
12... Rxh7 13. Qxg6+ Rf7 14. Qxg8+ Rf8 15. Qg5 Ne7 16. Ne2 Rf5 17. Qh4 17...
Nc6 $6 (17... Rf7) 18. Ng3 Rf7 19. Be2 19... Qd8 $2 (19... Bc8 20. Bh5 Nd8 21.
Qf6) 20. Qh8+ 1-0

[Event "XXVII. Abierto de Sevilla"]
[Site "?"]
[Date "2002.01.11"]
[Round "1"]
[White "Rios Camacho, J.A."]
[Black "Garcia Luque, A."]
[Result "0-1"]
[WhiteElo "1898"]
[BlackElo "2425"]
[PlyCount "88"]
[EventDate "1996.??.??"]

1. e4 c6 2. Nf3 d5 3. exd5 cxd5 4. d4 Nc6 5. c3 Bg4 6. Be2 e6 7. O-O Nf6 8. Be3
Bd6 9. Nbd2 Qc7 10. Re1 O-O 11. Nf1 a6 12. h3 Bh5 13. N3h2 Bxe2 14. Qxe2 b5 15.
Bg5 Ne4 16. Bh4 b4 17. Ng4 bxc3 18. bxc3 { } 18... Kh8 19. Qd3 f5 20. Ngh2 g5
21. f3 gxh4 22. fxe4 fxe4 23. Qe2 Rf7 24. Ng4 Na5 25. Rac1 Nc4 26. Nfe3 Nxe3
27. Nxe3 Raf8 28. Ng4 Bf4 29. Rc2 Bg3 30. Rec1 Qb6 31. Rb2 Qa7 32. Rbb1 e5 33.
Rf1 exd4 34. cxd4 Qxd4+ 35. Kh1 Rxf1+ 36. Rxf1 Rxf1+ 37. Qxf1 Kg7 38. Nh2 Qe5
39. Ng4 Qc3 40. Kg1 h5 41. Nf2 Qd4 42. Qe2 Bxf2+ 43. Qxf2 Qxf2+ 44. Kxf2 Kf6
0-1

[Event "XXVII. Abierto de Sevilla"]
[Site "?"]
[Date "2002.01.11"]
[Round "1"]
[White "Ruciero Miguez, E."]
[Black "Teran Alvarez, I."]
[Result "0-1"]
[WhiteElo "1897"]
[BlackElo "2392"]
[PlyCount "72"]
[EventDate "1996.??.??"]

1. d4 Nf6 2. Nc3 d5 3. h3 c5 4. e3 Nc6 5. Bb5 e6 6. Nf3 Bd6 7. O-O O-O 8. Bxc6
bxc6 9. Re1 cxd4 10. exd4 c5 11. Be3 Qa5 12. dxc5 Bxc5 13. Bxc5 Qxc5 14. Qd4
Qxd4 15. Nxd4 Rb8 16. Rab1 Bd7 17. a3 Rfc8 18. Nf3 Rc7 19. Rec1 Ne8 20. Na2 Nd6
21. Nb4 Rbc8 22. Ne5 22... Be8 { } 23. c3 f6 24. Ng4 a5 25. Nd3 Bg6 26. Rd1 Rb8
27. Ne3 Nc4 28. Nxc4 dxc4 29. Nf4 Bxb1 30. Rxb1 Kf7 31. Ne2 Rcb7 32. b4 cxb3
33. Rb2 a4 34. Nd4 Rc8 35. Ne2 Rd7 36. Nd4 Rxc3 0-1

[Event "XXVII. Abierto de Sevilla"]
[Site "?"]
[Date "2002.01.11"]
[Round "1"]
[White "Cortes Parejo, J."]
[Black "Tissir, M."]
[Result "0-1"]
[WhiteElo "1896"]
[BlackElo "2368"]
[PlyCount "42"]
[EventDate "1996.??.??"]

1. d4 Nf6 2. c4 g6 3. Nc3 Bg7 4. e4 d6 5. Nf3 O-O 6. Be2 e5 7. O-O Nc6 8. d5
Ne7 9. Ne1 Nd7 10. Nd3 f5 11. f4 exf4 12. Nxf4 Nc5 13. exf5 Nxf5 14. Bd2 a5 15.
Nd3 Qh4 16. Nf2 Be5 17. Ng4 Bd4+ 18. Nf2 Bd7 19. Qc2 { } 19... Ng3 20. hxg3
Qxg3 21. Be1 Bh3 0-1

[Event "XXVII. Abierto de Sevilla "]
[Site "?"]
[Date "2002.01.11"]
[Round "1"]
[White "Lafarga Ferrando, F."]
[Black "Frois, A."]
[Result "0-1"]
[WhiteElo "2354"]
[BlackElo "1886"]
[PlyCount "62"]
[EventDate "2002.??.??"]

1. e4 c5 2. Nf3 Nc6 3. d4 cxd4 4. Nxd4 g6 5. Be3 Nf6 6. Nc3 Bg7 7. Be2 O-O 8.
O-O d5 9. exd5 Nb4 10. d6 Qxd6 11. Ncb5 Qd7 12. c3 Nbd5 13. Bc1 a6 14. Na3 Qc7
15. Nac2 Rd8 16. Qe1 e5 17. Nb3 b6 18. Bg5 h6 19. Bxf6 Bxf6 20. Bf3 Bb7 21. Rd1
Nf4 22. Rxd8+ Rxd8 23. Bxb7 Qxb7 24. Ne3 Bg7 25. f3 e4 26. fxe4 Qxe4 27. Qf2
27... g5 { } 28. h4 Re8 29. Nc2 Ne2+ 30. Kh2 Be5+ 31. Kh1 Ng3+ 0-1

[Event "XXVII. Abierto de Sevilla "]
[Site "?"]
[Date "2002.01.11"]
[Round "1"]
[White "Fernandez, E."]
[Black "Herrera Lopez, M."]
[Result "1-0"]
[WhiteElo "2347"]
[BlackElo "1873"]
[PlyCount "71"]
[EventDate "2002.??.??"]

1. e4 e6 2. d4 d5 3. Nd2 Nf6 4. e5 Nfd7 5. c3 c5 6. f4 Nc6 7. Ndf3 cxd4 8. cxd4
Be7 9. Bd3 f5 10. Ne2 O-O 11. O-O Nb6 12. Nc3 Bd7 13. Kh1 Nb4 14. Be2 Rc8 15.
a3 Nc6 16. Rg1 a6 17. Bd3 Qe8 18. g4 Kf7 19. gxf5 exf5 20. Be3 Be6 21. Rg3 Rh8
22. Qe2 Qg8 23. Rag1 g6 24. Bf2 Ke8 25. Rh3 h6 26. Nh4 Bxh4 27. Bxh4 { } 27...
Nxd4 28. Qf2 Nb3 29. Qxb6 d4 30. Qd6 Rh7 31. Bc4 Bxc4 32. Rxg6 Rg7 33. Rhg3
dxc3 34. e6 c2 35. Qe7+ Rxe7 36. Rxg8# 1-0

[Event "XXVII. Abierto de Sevilla"]
[Site "?"]
[Date "2002.01.12"]
[Round "2"]
[White "Epishin, V."]
[Black "Carrabeo Garcia, M."]
[Result "1-0"]
[WhiteElo "2599"]
[BlackElo "2072"]
[PlyCount "65"]
[EventDate "2002.01.12"]

1. d4 c5 2. d5 Nf6 3. c4 e6 4. Nc3 exd5 5. cxd5 d6 6. e4 g6 7. f4 Bg7 8. Bb5+
Nfd7 9. Nf3 O-O 10. O-O Re8 11. e5 (11. f5 a6 12. Bg5 Qc7 13. Bxd7 Nxd7 14. Qd2
b5 15. Rae1 b4 16. Nd1 a5 17. Bh6 Bh8 18. Ng5 Ne5 19. Qf4 Ba6 20. Qh4 f6 21.
Ne6 Qe7 22. fxg6 hxg6 23. Rf4 Qh7 24. Re3 Bc8 25. Rg3 Bxe6 26. dxe6 Rxe6 27.
Ne3 c4 28. Qh3 Rae8 29. Rh4 Qa7 30. Bf8 Nf7 31. Rxg6+ Kxf8 32. Rxh8+ {
1-0 Fiedler,T-Jakel,W/Germany 1996/EXT 98 (32).}) 11... dxe5 12. fxe5 a6 13.
Bg5 Qb6 14. Ba4 14... Bxe5 $6 (14... Qxb2) 15. Nxe5 Rxe5 16. Bf4 16... Re8 $6 (
16... Re7) 17. Qf3 Qf6 18. Rad1 { } 18... Ne5 $6 (18... b5 19. Ne4 $16) 19. Qf2
(19. Qg3 $18 19... b5 20. Bxe5 Qxe5 21. Rfe1 Qxg3 22. Rxe8+ Kg7 23. hxg3) 19...
b5 20. Ne4 Qg7 21. Nd6 $18 (21. Bxe5 Rxe5 22. Nf6+ Kh8 23. Qxc5 $18) 21... Rf8
22. Nxc8 bxa4 (22... Rxc8 23. Bxe5 Qxe5 24. Qxf7+ Kh8 25. Rde1 Qd4+ 26. Kh1 $18
) 23. Nb6 Ra7 24. Nxa4 Nbd7 25. b4 Rb7 26. bxc5 Rb4 27. Nb6 Nxb6 28. cxb6 Rb2
29. Qe3 Nc4 30. Qc1 Rc8 31. d6 Nxb6 32. Qxc8+ Nxc8 33. d7 1-0

[Event "XXVII. Abierto de Sevilla"]
[Site "?"]
[Date "2002.01.12"]
[Round "2"]
[White "Rubio Mancebon, J.P."]
[Black "Korneev, O."]
[Result "0-1"]
[WhiteElo "2057"]
[BlackElo "2568"]
[PlyCount "84"]
[EventDate "2002.01.12"]

1. d4 d5 2. c4 e6 3. g3 Nf6 4. Bg2 dxc4 5. Nf3 a6 6. O-O Nc6 7. Nc3 Rb8 8. e4
Be7 9. d5 exd5 10. exd5 Nb4 11. Ne5 Bf5 12. a3 Nd3 13. Nxc4 Nxc1 14. Rxc1 O-O
15. Qd4 Bd6 (15... Ne8 16. Rfe1 Nd6 17. Ne5 Bf6 18. f4 Re8 19. h3 h6 20. Kh2
Re7 21. Ne2 Qe8 22. Ng1 g5 23. Ngf3 Rd8 24. Qb4 gxf4 25. Qxf4 Bg7 26. b3 Be4
27. Ng4 Bxf3 28. Rxe7 Qxe7 29. Bxf3 h5 30. Nh6+ Bxh6 31. Qxh6 Qe5 32. Rc2 Qf5
33. Rg2 Nb5 34. Be4 Qxe4 35. Qg5+ Kh7 36. Qxh5+ Kg7 37. Qg5+ Kh7 38. Qxd8 {
1-0 Miton,K-Ostrowski,L/Zakopane 2000/CBM 78 ext (38).}) 16. Nd2 Re8 17. Rfe1
Ng4 18. Nf3 (18. Rxe8+ Qxe8 19. Nc4) 18... Qf6 19. Qxf6 Nxf6 20. Rxe8+ Rxe8 21.
Re1 Rxe1+ 22. Nxe1 { } 22... Nd7 {(b6-c4-d5)} 23. f4 Nb6 24. Bf1 Bc5+ 25. Kh1
Bd4 26. h3 (26. Bg2 Nc4) (26. Bd3 Bxd3 27. Nxd3 Bxc3 28. bxc3 Nxd5 29. Nc5 b6
30. Nxa6 c5 31. Kg2 Nxc3 32. Kf3 f5 33. Ke3 Kf7 34. Kd3 Nd5 35. Kc4 35... Ke6
$17) 26... Bxc3 27. bxc3 Nxd5 28. Bg2 c6 29. Bxd5 cxd5 30. g4 Be4+ 31. Kg1 Kf8
32. Kf2 Ke7 33. Ke3 Kd6 34. Kd4 b5 35. Nd3 Bxd3 36. Kxd3 Kc5 37. h4 g6 38. h5
gxh5 39. gxh5 h6 40. f5 f6 41. Ke3 Kc4 42. Kd2 d4 0-1

[Event "XXVII. Abierto de Sevilla"]
[Site "?"]
[Date "2002.01.12"]
[Round "2"]
[White "Campora Sivori, D."]
[Black "Salgado Gonzalez, J."]
[Result "1-0"]
[WhiteElo "2542"]
[BlackElo "2063"]
[PlyCount "49"]
[EventDate "2002.01.12"]

1. e4 Nc6 2. d4 d5 3. Nc3 Nf6 4. e5 Nd7 5. Nf3 Nb6 6. Bb5 Bg4 7. h3 Bxf3 8.
Qxf3 (8. Bxc6+ bxc6 9. Qxf3 e6 10. Qg3 Nd7 11. O-O c5 12. dxc5 Nxc5 13. Be3 Qd7
14. Rfd1 Nb7 15. Ne2 f5 16. c4 c6 17. cxd5 cxd5 18. Rac1 Bb4 19. Nd4 O-O 20.
Nc6 a5 21. Rc2 Rfc8 22. Rdc1 Bc5 23. Nd4 Bf8 24. Qf3 Rxc2 25. Rxc2 Rc8 26. Qe2
Rxc2 27. Qxc2 Bc5 28. Qc3 Bxd4 29. Bxd4 h6 30. b3 Kh7 31. a4 Qe7 32. Bb6 Qd7
33. Bxa5 Nxa5 34. Qxa5 d4 35. Qb5 Qd8 36. Qd3 Qd5 37. f4 g5 38. g3 gxf4 39.
gxf4 Kg6 40. Kf2 Qh1 41. Qg3+ Kf7 42. Ke2 Qc1 43. Qf3 Qc2+ 44. Kf1 d3 45. Qb7+
Kg6 46. Qe7 Kh5 47. Qf7+ Kh4 48. Qxe6 Qe2+ 49. Kg1 d2 50. Qf6+ Kg3 51. Qg6+ Kf3
52. Qc6+ 52... Qe4 {0-1 Pulkkinen,K-Paakkonen,T/FIN 2000/EXT 2001 (52).}) 8...
e6 9. O-O g6 10. Rd1 $14 10... Bg7 11. a4 a5 12. b3 O-O 13. Bxc6 bxc6 14. Ba3
Re8 15. Ne2 $16 15... f6 16. Qc3 fxe5 17. dxe5 Nd7 18. f4 g5 19. g3 gxf4 20.
gxf4 { } 20... Qh4 (20... Ra6) 21. Rd3 Qh5 22. Re1 Kh8 (22... Ra6) 23. Qxc6 $18
23... Nxe5 24. fxe5 Bxe5 25. Ng3 1-0

[Event "XXVII. Abierto de Sevilla"]
[Site "?"]
[Date "2002.01.12"]
[Round "2"]
[White "Perez Perez, M."]
[Black "Spraggett, K."]
[Result "0-1"]
[WhiteElo "2056"]
[BlackElo "2541"]
[PlyCount "44"]
[EventDate "2002.01.12"]

1. e4 c5 2. Nf3 e6 3. d4 cxd4 4. Nxd4 a6 5. Bd3 Nf6 6. c4 Nc6 7. Nxc6 dxc6 8.
O-O e5 9. Nc3 9... Bc5 { } 10. Kh1 $2 (10. h3 $5) 10... Ng4 11. Qf3 (11. f3
Nxh2 12. g3 Nxf1 13. Qxf1 Bh3 14. Qe2 Qd4 15. Kh2 Be6 (15... Qg1+ 16. Kxh3 Bf2
17. Bf4 Qxa1 18. Qxf2 18... exf4 $19) 16. Qf1 O-O-O 17. Be2 17... f6 {
0-1 Batista,R-Disconzi da Silva,R/Sao Paulo 1999/EXT 2000/[Hindemburg,Melao]
(17).}) 11... Qh4 12. h3 Nxf2+ 13. Rxf2 Qxf2 14. Qxf2 Bxf2 15. Bd2 Be6 16. Rf1
Ba7 17. Bg5 f6 18. Bh4 O-O-O 19. Rf3 Rd7 20. Be1 Rhd8 21. Be2 Kb8 22. b3 b5 0-1

[Event "XXVII. Abierto de Sevilla"]
[Site "?"]
[Date "2002.01.12"]
[Round "2"]
[White "Suba, M."]
[Black "Tomas Batet, J."]
[Result "1-0"]
[WhiteElo "2528"]
[BlackElo "2055"]
[PlyCount "55"]
[EventDate "2002.01.12"]

1. c4 e6 2. g3 d5 3. Bg2 Nf6 4. Nf3 Be7 5. d4 O-O 6. O-O Nbd7 7. Qc2 c5 8. cxd5
Nxd5 9. a3 cxd4 10. Nxd4 N7b6 (10... Bc5 11. Rd1 Qb6 12. e3 N7f6 13. b4 Bxd4
14. Rxd4 a5 15. Rh4 Bd7 16. Bb2 Rfc8 17. Qd2 axb4 18. e4 bxa3 19. Bd4 Qc6 20.
exd5 Qc1+ 21. Bf1 g5 22. Rh6 Qxd2 23. Nxd2 Ng4 24. Rh5 f6 25. h3 e5 26. Bb6 Ra6
27. Bxa6 bxa6 28. hxg4 Rc2 29. Ne4 Kg7 30. Rxa3 Bxg4 31. Rh2 Rb2 32. Bd8 Bf3
33. Rxf3 {1-0 Pukkila,M-Lammi,J/FIN 1987/EXT 2002 (33).}) 11. Rd1 Bd7 12. e4
Rc8 13. Qe2 Nc7 14. Nc3 e5 15. Nf5 Ne6 16. Be3 Bc5 17. Nd5 { } 17... Nxd5 (
17... Re8) 18. exd5 18... Nf4 $6 (18... Nd4 19. Nxd4 exd4 20. Bxd4 Bxd4 21.
Rxd4 Re8 22. Re4 22... Qg5 $16) 19. gxf4 $18 19... Bxf5 20. fxe5 Bxe3 21. Qxe3
Rc2 22. Rd2 Rxd2 23. Qxd2 Qb6 24. Rc1 h6 25. b4 Re8 26. d6 Rc8 27. Rxc8+ Bxc8
28. d7 1-0

[Event "XXVII. Abierto de Sevilla"]
[Site "?"]
[Date "2002.01.12"]
[Round "2"]
[White "Martinez Fernandez, A."]
[Black "Lalic , B."]
[Result "0-1"]
[WhiteElo "2046"]
[BlackElo "2523"]
[PlyCount "76"]
[EventDate "2002.01.12"]

1. d4 d5 2. Nf3 Nf6 3. c4 e6 4. Nc3 Bb4 5. a3 Bxc3+ 6. bxc3 c5 7. e3 O-O 8. Bd3
Nc6 9. O-O dxc4 10. Bxc4 Qc7 11. Qe2 e5 12. d5 e4 13. dxc6 exf3 14. Qxf3 Bg4
15. Qg3 Qxc6 16. f3 Be6 17. Bd3 (17. Be2 Rad8 18. c4 Qd6 19. Qxd6 Rxd6 20. e4
Nd7 21. Bf4 Rd4 22. Be3 Rd6 23. f4 f6 24. Rfd1 Rxd1+ 25. Rxd1 f5 26. exf5 Rxf5
27. g4 {1-0 Rabe,T-Buecherl,K/Erlangen 1999/EXT 2001 (27).}) 17... Rfd8 18. Bc2
Bc4 19. Rd1 Rxd1+ 20. Bxd1 Rd8 21. Bc2 Bd3 22. Bxd3 (22. Bb3 c4 23. Ba2 Bc2)
22... Rxd3 { } 23. Bb2 $6 (23. e4 Rxc3 24. Bb2 Rd3 25. Qb8+ Ne8 26. Qxa7 26...
Rd2 $15) 23... Rxe3 24. c4 Ne8 25. Rd1 f6 26. h3 Qc8 27. Qf2 Re7 28. Rd5 b6 29.
Qd2 Qe6 30. Kf2 Kf7 31. Rh5 Nd6 32. Bc1 Nxc4 33. Qc3 Qe2+ 34. Kg3 Qe1+ 35. Qxe1
Rxe1 36. Bf4 g5 37. Bb8 Kg6 38. Kf2 Re8 0-1

[Event "XXVII. Abierto de Sevilla"]
[Site "?"]
[Date "2002.01.12"]
[Round "2"]
[White "Hamdouchi, H."]
[Black "Olivera Gutierrez, A."]
[Result "1-0"]
[WhiteElo "2522"]
[BlackElo "2048"]
[PlyCount "51"]
[EventDate "2002.01.12"]

1. e4 c5 2. Nf3 d6 3. d4 cxd4 4. Nxd4 Nf6 5. Nc3 Nc6 6. Bc4 e6 7. Be3 Be7 8.
Qe2 a6 9. O-O-O Qc7 10. Kb1 b5 (10... O-O 11. Rhg1 b5 12. Bd3 Bd7 13. Rc1 b4
14. Nd1 Rfc8 15. g4 d5 16. f3 dxe4 17. fxe4 Nxd4 18. Bxd4 e5 19. Bf2 Be6 20. g5
Nd7 21. Ne3 Nc5 22. Nf5 a5 23. h4 a4 24. c4 b3 25. a3 Bf8 26. Ne3 Qc6 27. Nd5
Kh8 28. h5 Nxd3 29. Qxd3 Bc5 30. Bxc5 Qxc5 31. g6 fxg6 32. hxg6 h6 33. Rh1 Kg8
34. Qd2 Ra7 35. Nf6+ Kf8 36. Nd5 Kg8 37. Qc3 Bxd5 38. exd5 Re7 39. Rhe1 e4 40.
Qb4 Qxb4 41. axb4 Kf8 42. c5 Re5 43. d6 Rc6 44. Rc4 e3 45. Re2 Ke8 46. Rc3 Kd7
47. Rcxe3 Rxe3 48. Rxe3 Rc8 49. Kc1 Kc6 50. Kd2 Rf8 51. Kc3 Rf2 52. b5+ Kxc5
53. d7 Rc2+ 54. Kd3 Rc1 55. Ke4 Rd1 56. Rd3 Re1+ 57. Kf5 Rf1+ 58. Ke6 Rf8 59.
Ke7 Rb8 60. Rc3+ Kxb5 61. Rc8 Rb7 62. Ke8 Rxd7 63. Kxd7 Kb4 64. Ke7 a3 65. Rb8+
{1-0 Rommel,W-Winzbeck,F/Germany 1993/TD (65).}) 11. Bb3 Na5 12. Bg5 Nxb3 13.
cxb3 Bb7 14. Rc1 Qd8 15. Rhd1 O-O 16. f4 b4 17. Bxf6 Bxf6 18. Na4 18... Qa5 $6
(18... Rc8) 19. e5 Be7 (19... dxe5 20. Rc5 Qd8 21. fxe5 $18) 20. Nc6 Bxc6 21.
Rxc6 { } 21... dxe5 $6 (21... d5) 22. Rd7 Rfe8 23. Rcc7 23... Qb5 $2 (23... Bd6
24. Rb7 Rab8 25. Ra7 Qb5) 24. Qxb5 axb5 25. Nb6 Rab8 26. Rxe7 1-0